Airport Engineering (Record no. 5142)

MARC details
000 -LEADER
fixed length control field 00395nam a22001697a 4500
005 - DATE AND TIME OF LATEST TRANSACTION
control field 20160702100204.0
008 - FIXED-LENGTH DATA ELEMENTS--GENERAL INFORMATION
fixed length control field 160702b xxu||||| |||| 00| 0 eng d
020 ## - INTERNATIONAL STANDARD BOOK NUMBER
ISBN 978-81-265-3780-5
041 ## - LANGUAGE CODE
Language code of text/sound track or separate title eng
082 ## - DEWEY DECIMAL CLASSIFICATION NUMBER
Item number 20836
100 ## - MAIN ENTRY--AUTHOR NAME
Personal name Norman and others
245 ## - TITLE STATEMENT
Title Airport Engineering
260 ## - PUBLICATION, DISTRIBUTION, ETC. (IMPRINT)
Name of publisher Willy
Year of publication 2016
300 ## - PHYSICAL DESCRIPTION
Number of Pages 738
650 ## - SUBJECT ADDED ENTRY--TOPICAL TERM
Topical Term Diploma Engineering
942 ## - ADDED ENTRY ELEMENTS (KOHA)
Koha item type Books
Holdings
Lost status Damaged status Collection code Home library Current library Shelving location Date acquired Cost, normal purchase price Full call number Accession Number Koha item type
    Reference JRU Library   SHELF-72-D 02/07/2016 1095.00 20836 20836 Books
      JRU Library   SHELF-44-F 02/07/2016 1095.00 20836 20837 Books
      JRU Library   SHELF-44-F 02/07/2016 1095.00 20836 20838 Books